00441nam a2200157Ia 4500003000400000008004100004040001600045082002000061100001800081245007900099260004600178300001000224650001500234650002200249650001200271GCL140319s9999 xx 000 0 eng d aGCL / cGCL04aCCb892.76bT H1 aTOMICKE, NADA10aHISTOIRE DE LA LITERATURE ROMANESQUE DE L'EGYPTE MODERNE / cTOMICKE, NADA a[S.N] : bMAISONNEUVE ET LAROSE ، c1981 a254 P04aLITERATURE04aARABIC LITERATURE04aFICTION